| 000 | 00849nam a2200229 a 4500 | ||
|---|---|---|---|
| 999 |
_c6111 _d6111 |
||
| 001 | 6111 | ||
| 003 | BD-JhCC | ||
| 005 | 20180102095216.0 | ||
| 008 | 180101s1980 bg |||| ||a| 000 0 ben d | ||
| 035 | _a(BD-JhCC)6111 | ||
| 040 |
_aBD-JhCC _dBD-JhCC |
||
| 041 | _aben | ||
| 082 |
_a297.18 _bGAL 1980 |
||
| 100 | _aগিলানী, সৈয়দ মানাজির আহসান | ||
| 245 |
_aহসরত আবুজর গিফারী (রাঃ) / _cসৈয়দ মানাজির আহসান গিলানী |
||
| 260 |
_aঢাকা : _bইসলামিক ফাউন্ডেশন বাংলাদেশ, _c১৯৮০. |
||
| 300 |
_a114 p. : _c21 cm. |
||
| 650 | _aMuslim Legend | ||
| 700 | _aশামীম, এ, বি, এম কামালউদ্দীন | ||
| 942 |
_2ddc _cBK |
||